International migration : globalizations last frontier

Αποθηκεύτηκε σε:
Λεπτομέρειες βιβλιογραφικής εγγραφής
Κύριος συγγραφέας: Moses, Jonathon Wayne 1962-
Μορφή: Βιβλίο
Γλώσσα:English
Δημοσίευση: Bangkok, Thailand : Black Point, Nova Scotia : Bangalore, India : Kuala Lumpur, Malaysia : Cape Town, South Africa : London : White Lotus, Fernwood Publishing, Books for Change, SIRD, David Philip, Zed Books, 2006
Σειρά:Global issues series (Zed Books)
Θέματα:
Ετικέτες: Προσθήκη ετικέτας
Δεν υπάρχουν, Καταχωρήστε ετικέτα πρώτοι!

MARC

LEADER 00000nam a2200000 i 4500
001 1/103487
008 090331s2006 eng d
020 |a 1-84277-659-2 
035 |l 10104066 
040 |a GR-MY-UA  |b gre  |e aacr 
041 0 |a eng 
082 0 |a 325  |2 (22) 
100 1 |a Moses, Jonathon Wayne  |d 1962- 
245 1 0 |a International migration :  |b globalizations last frontier /  |c Jonathon W. Moses 
260 |a Bangkok, Thailand :   |a Black Point, Nova Scotia :   |a Bangalore, India :   |a Kuala Lumpur, Malaysia :   |a Cape Town, South Africa :   |a London :   |b White Lotus,   |b Fernwood Publishing,   |b Books for Change,   |b SIRD,   |b David Philip,   |b Zed Books,   |c 2006 
300 |a xiv, 253 σ.;  |b εικ., χάρτες;  |c 21 εκ. 
490 1 |a Global issues 
500 |a Αποκλειστική διανομή για τις ΗΠΑ από Palgrave Macmillan 
504 |a Περιέχει βιβλιογραφικές παραπομπές και ευρετήριο 
650 0 0 |a Emigration and immigration. 
830 0 |a Global issues series (Zed Books) 
852 |a INST  |b LESVOS  |e 20090331  |h 325 MOS  |p 005100044687  |q 005100044687  |t BK  |y 0 
901 |a BIBL1-2009-1 
909 |a Λ  |b 154303 
922 |a 1ΕΛΗ  |b 200809  |c ΕΠΕΑΕΚ2/ΤΓ  |d ΜΙΧΑΛΟΠΟΥΛΟΣ 
970 |a ΚΑΡΑ  |b ΓΙΑΣΕΜΗ  |z 2009/03/31